书目信息 |
| 题名: |
药品质量管理技术
|
|
| 作者: | 貟亚明 主编 | |
| 分册: | ||
| 出版信息: | 北京 化学工业出版社 2005 |
|
| 页数: | ||
| 开本: | 29cm | |
| 丛书名: | ||
| 单 册: | ||
| 中图分类: | R954 | |
| 科图分类: | ||
| 主题词: | 药事组织 | |
| 电子资源: | ||
| ISBN: | 7-5025-7151-5 | |
| 000 | 00510nam0 2200181 450 | |
| 001 | 0754114953 | |
| 005 | 20070929150154.95 | |
| 010 | @a7-5025-7151-5 | |
| 100 | @a20070929d km y0chiy0120 ea | |
| 101 | 0 | @achi |
| 200 | 1 | @a药品质量管理技术@Ayao pin zhi liang guan li ji shu@f貟亚明 主编@Fyun ya ming zhu bian |
| 210 | @a北京@c化学工业出版社@d2005 | |
| 215 | @d29cm | |
| 606 | 0 | @a药事组织 |
| 690 | @aR954@v3 | |
| 701 | 0 | @a貟亚明@Ayun ya ming@4主编 |
| 801 | 0 | @aCN@bPFT@c20070929 |
| 905 | @a213230@dR954@eh39@f1 | |
| 药品质量管理技术/貟亚明 主编.-北京:化学工业出版社,2005 |
| 29cm |
| ISBN 7-5025-7151-5: |
| ● |
| 相关链接 |
|
|
|
|
正题名:药品质量管理技术
索取号:R954/h39
 
预约/预借
| 序号 | 登录号 | 条形码 | 馆藏地/架位号 | 状态 | 备注 |
| 1 | 6002386 | 260023860 | 密集书库-化学系/ [索取号:R954/h39] | 在馆 | |
| 2 | 6002387 | 260023879 | 密集书库-化学系/ [索取号:R954/h39] | 在馆 |